[Event "SE-2014-0-00174"]
[Site "LSS email"]
[Date "2014.08.15"]
[Round "?"]
[White "Evsin, Igorj"]
[Black "Carvalho Guimaraes, Joao Paulo"]
[Result "0-1"]
[WhiteElo "1385"]
[BlackElo "1420"]
[PlyCount "86"]
[EventDate "2014.07.12"]
[EventType "tourn (corr)"]
[EventRounds "6"]
[EventCountry "GER"]
[SourceTitle "Corr 2015"]
[Source "ChessBase"]
[SourceDate "2015.07.17"]
[SourceVersion "1"]
[SourceVersionDate "2015.07.17"]
[SourceQuality "1"]

1. e4 c6 2. d4 d5 3. exd5 cxd5 4. c4 Nf6 5. Nc3 Nc6 6. Nf3 Bg4 7. cxd5 Nxd5 8. Qb3 Bxf3 9. gxf3 e6 10. Qxb7 Nxd4 11. Bb5+ Nxb5 12. Qc6+ Ke7 13. Nxb5 Qc8 14. Nxa7 Qxc6 15. Nxc6+ Kd6 16. Nd4 Be7 17. 0-0 Bf6 18. Rd1 Rhb8 19. a3 Ra4 20. Ne2 Kc6 21. Rd2 Rc4 22. Rb1 Rb3 23. Kg2 h6 24. h3 Kc5 25. Kh2 Be5+ 26. Kg2 g5 27. Kf1 Kc6 28. Kg2 Ne7 29. f4 gxf4 30. Ng1 Bc7 31. Rd1 e5 32. Bd2 Nd5 33. Rdc1 Rxc1 34. Rxc1+ Kb6 35. Rc2 e4 36. Kf1 Be5 37. Bc1 f3 38. Rc4 f5 39. Rc2 Bf4 40. Bxf4 Nxf4 41. h4 Rd3 42. Rc1 Rd2 43. Nxf3 exf3 0-1

[Event "SF-2014-0-00223"]
[Site "LSS email"]
[Date "2014.02.11"]
[Round "?"]
[White "Ter Steeg, Ronald"]
[Black "Carvalho Guimaraes, Joao Paulo"]
[Result "1-0"]
[WhiteElo "1458"]
[BlackElo "1249"]
[PlyCount "91"]
[EventDate "2014.01.19"]
[EventType "tourn (corr)"]
[EventRounds "6"]
[EventCountry "GER"]
[SourceTitle "Telechess CBM 167"]
[Source "ChessBase"]
[SourceDate "2015.07.13"]
[SourceVersion "1"]
[SourceVersionDate "2015.07.13"]
[SourceQuality "1"]

1. d4 d5 2. c4 e6 3. Nc3 c6 4. Nf3 dxc4 5. a4 Bb4 6. e3 b5 7. Bd2 Bb7 8. axb5 Bxc3 9. Bxc3 cxb5 10. d5 Nf6 11. dxe6 Qxd1+ 12. Rxd1 Bxf3 13. exf7+ Kxf7 14. gxf3 Nc6 15. Rd6 Ne7 16. Bh3 Rhd8 17. Ra6 Nfd5 18. Ba5 Nb6 19. Ke2 Ned5 20. Rd1 Re8 21. Bxb6 Nxb6 22. Rda1 Rab8 23. R1a5 Na4 24. Bd7 Re7 25. Bxb5 Nxb2 26. Rc6 Rbb7 27. Bxc4+ Nxc4 28. Rxc4 Rb2+ 29. Kf1 Rd7 30. h4 h6 31. h5 Rdb7 32. Rcc5 R2b6 33. f4 a6 34. Ke2 Rb5 35. e4 Rxc5 36. Rxc5 Rb3 37. Ra5 Rh3 38. f3 Rh4 39. Ke3 Ke8 40. Rxa6 Rxh5 41. f5 Kf7 42. Kf4 Rh2 43. e5 Rh4+ 44. Kg3 Rh5 45. Kg4 Rh1 46. f6 1-0

[Event "ZL-2014-0-01409"]
[Site "LSS email"]
[Date "2014.02.10"]
[Round "?"]
[White "Bidgood, Lee"]
[Black "Carvalho Guimaraes, Joao Paulo"]
[Result "0-1"]
[WhiteElo "1075"]
[BlackElo "1231"]
[PlyCount "38"]
[EventDate "2014.02.01"]
[EventType "match (corr)"]
[EventRounds "2"]
[EventCountry "GER"]
[SourceTitle "Telechess CBM 167"]
[Source "ChessBase"]
[SourceDate "2015.07.13"]
[SourceVersion "1"]
[SourceVersionDate "2015.07.13"]
[SourceQuality "1"]

1. d4 d5 2. c3 Nf6 3. Nf3 Bf5 4. Nbd2 c6 5. e3 h6 6. c4 e6 7. Ne5 Nbd7 8. Bd3 Nxe5 9. Bxf5 Nxc4 10. Bd3 Bb4 11. Bxc4 dxc4 12. 0-0 b5 13. Qf3 Qd5 14. Qd1 0-0 15. Nf3 Rfd8 16. Bd2 Bxd2 17. Qxd2 c5 18. Rae1 cxd4 19. exd4 Rac8 0-1

[Event "ZL-2014-0-01409"]
[Site "LSS email"]
[Date "2014.02.10"]
[Round "?"]
[White "Carvalho Guimaraes, Joao Paulo"]
[Black "Bidgood, Lee"]
[Result "1-0"]
[WhiteElo "1231"]
[BlackElo "1075"]
[PlyCount "37"]
[EventDate "2014.02.01"]
[EventType "match (corr)"]
[EventRounds "2"]
[EventCountry "GER"]
[SourceTitle "Telechess CBM 167"]
[Source "ChessBase"]
[SourceDate "2015.07.13"]
[SourceVersion "1"]
[SourceVersionDate "2015.07.13"]
[SourceQuality "1"]

1. e4 e5 2. Nf3 Nc6 3. Bb5 a6 4. Ba4 b5 5. Bb3 Nf6 6. 0-0 Nxe4 7. Re1 d5 8. Nc3 Nf6 9. Nxe5 Nxe5 10. d4 Bg4 11. f3 Be6 12. dxe5 Bc5+ 13. Be3 Nd7 14. Bxd5 Bxd5 15. Qxd5 Bxe3+ 16. Rxe3 Nb6 17. Qe4 0-0 18. a4 Qd2 19. Rd1 1-0

[Event "OP-2011-0-01683"]
[Site "LSS email"]
[Date "2011.07.28"]
[Round "?"]
[White "Kolanek, Roman"]
[Black "Carvalho Guimaraes, Joao Paulo"]
[Result "1-0"]
[WhiteElo "2037"]
[BlackElo "1113"]
[PlyCount "53"]
[EventDate "2011.07.24"]
[EventType "tourn (corr)"]
[EventRounds "4"]
[EventCountry "GER"]
[SourceTitle "Telechess CBM 151"]
[Source "ChessBase"]
[SourceDate "2012.11.13"]
[SourceVersion "1"]
[SourceVersionDate "2012.11.13"]
[SourceQuality "1"]

1. d4 Nf6 2. c4 e6 3. Nc3 Bb4 4. Qc2 0-0 5. a3 Bxc3+ 6. Qxc3 b6 7. Nf3 Bb7 8. g3 d6 9. Bg2 Nbd7 10. b4 a5 11. Bb2 Ne4 12. Qc2 Nef6 13. 0-0 Be4 14. Qc3 h6 15. Bh3 Bb7 16. Nd2 Qe7 17. f3 Rfd8 18. e4 e5 19. dxe5 Nxe5 20. Rfe1 Re8 21. f4 Ned7 22. Rad1 axb4 23. axb4 c5 24. b5 Nf8 25. Nf3 Ne6 26. Qd3 Ra2 27. Rd2 1-0

[Event "SE-2011-0-00077"]
[Site "LSS email"]
[Date "2011.07.22"]
[Round "?"]
[White "Carvalho Guimaraes, Joao Paulo"]
[Black "Molano Lafuente, Ismael"]
[Result "0-1"]
[WhiteElo "1119"]
[BlackElo "1349"]
[PlyCount "47"]
[EventDate "2011.05.25"]
[EventType "tourn (corr)"]
[EventRounds "6"]
[EventCountry "GER"]
[SourceTitle "Telechess CBM 157"]
[Source "ChessBase"]
[SourceDate "2013.11.12"]
[SourceVersion "1"]
[SourceVersionDate "2013.11.12"]
[SourceQuality "1"]

1. e4 c5 2. Nf3 Nc6 3. d4 cxd4 4. Nxd4 Nf6 5. Nc3 e5 6. Ndb5 h6 7. Nd6+ Bxd6 8. Qxd6 Qe7 9. Qxe7+ Kxe7 10. Be3 d6 11. f3 Be6 12. 0-0-0 a6 13. Kb1 b5 14. h4 Rac8 15. a4 Nb4 16. axb5 axb5 17. Bxb5 d5 18. exd5 Nfxd5 19. Nxd5+ Nxd5 20. Rhe1 Nxe3 21. Rxe3 Rhd8 22. Kc1 Kf6 23. Rxd8 Rxd8 24. Bd3 0-1

[Event "SE-2011-0-00077"]
[Site "LSS email"]
[Date "2011.07.22"]
[Round "?"]
[White "Hickl, Norbert"]
[Black "Carvalho Guimaraes, Joao Paulo"]
[Result "1-0"]
[WhiteElo "1286"]
[BlackElo "1119"]
[PlyCount "24"]
[EventDate "2011.05.25"]
[EventType "tourn (corr)"]
[EventRounds "6"]
[EventCountry "GER"]
[SourceTitle "Corr 2015"]
[Source "ChessBase"]
[SourceDate "2015.07.17"]
[SourceVersion "1"]
[SourceVersionDate "2015.07.17"]
[SourceQuality "1"]

1. c4 e5 2. g3 Nf6 3. Bg2 d5 4. cxd5 Nxd5 5. Nc3 Nb6 6. Nf3 Nc6 7. 0-0 Be7 8. a3 0-0 9. b4 Be6 10. h3 a5 11. b5 Nd4 12. Nxe5 Bb3 1-0

[Event "OP-2011-0-01664"]
[Site "LSS email"]
[Date "2011.07.18"]
[Round "?"]
[White "Carvalho Guimaraes, Joao Paulo"]
[Black "Chang, Henk"]
[Result "1-0"]
[WhiteElo "1119"]
[BlackElo "964"]
[PlyCount "31"]
[EventDate "2011.07.15"]
[EventType "tourn (corr)"]
[EventRounds "4"]
[EventCountry "GER"]
[SourceTitle "Corr 2015"]
[Source "ChessBase"]
[SourceDate "2015.07.17"]
[SourceVersion "1"]
[SourceVersionDate "2015.07.17"]
[SourceQuality "1"]

1. e4 e6 2. d4 d5 3. Nc3 Bb4 4. e5 c5 5. a3 Bxc3+ 6. bxc3 Ne7 7. Qg4 0-0 8. Bd3 Qc7 9. Nf3 cxd4 10. 0-0 dxc3 11. Bxh7+ Kh8 12. Qh5 Ng8 13. Bd3+ Nh6 14. Bxh6 f5 15. exf6 Rxf6 16. Qe8+ 1-0

[Event "OP-2011-0-01664"]
[Site "LSS email"]
[Date "2011.07.18"]
[Round "?"]
[White "Carvalho Guimaraes, Joao Paulo"]
[Black "Vontina, Maria"]
[Result "1-0"]
[WhiteElo "1119"]
[BlackElo "775"]
[PlyCount "67"]
[EventDate "2011.07.15"]
[EventType "tourn (corr)"]
[EventRounds "4"]
[EventCountry "GER"]
[SourceTitle "Telechess CBM 149"]
[Source "ChessBase"]
[SourceDate "2012.07.17"]
[SourceVersion "1"]
[SourceVersionDate "2012.07.17"]
[SourceQuality "1"]

1. d4 Nf6 2. c4 g6 3. Nc3 Bg7 4. e4 d6 5. Be2 0-0 6. Nf3 Bg4 7. Be3 a6 8. 0-0 Nc6 9. Rc1 Ne8 10. h3 Bc8 11. Qd2 e5 12. dxe5 Nxe5 13. Nxe5 Bxe5 14. f4 Bg7 15. c5 Qe7 16. Nd5 Qd8 17. cxd6 cxd6 18. f5 b5 19. Bb6 Qh4 20. Rf4 Bh6 21. Rxh4 Bxd2 22. Ne7+ Kg7 23. Bd4+ f6 24. Rxc8 Rxc8 25. Nxc8 g5 26. Rh5 Bf4 27. h4 h6 28. hxg5 hxg5 29. Rh3 Nc7 30. Nb6 Be5 31. Bxe5 dxe5 32. Rc3 Na8 33. Nd5 Rd8 34. Rc6 1-0

[Event "SE-2011-0-00077"]
[Site "LSS email"]
[Date "2011.07.18"]
[Round "?"]
[White "Grimm, Wolfgang"]
[Black "Carvalho Guimaraes, Joao Paulo"]
[Result "1-0"]
[WhiteElo "1300"]
[BlackElo "1119"]
[PlyCount "43"]
[EventDate "2011.05.25"]
[EventType "tourn (corr)"]
[EventRounds "6"]
[EventCountry "GER"]
[SourceTitle "Telechess CBM 157"]
[Source "ChessBase"]
[SourceDate "2013.11.12"]
[SourceVersion "1"]
[SourceVersionDate "2013.11.12"]
[SourceQuality "1"]

1. c4 e5 2. Nc3 Nf6 3. Nf3 Nc6 4. d4 exd4 5. Nxd4 Bb4 6. Nxc6 bxc6 7. e3 0-0 8. Bd3 d5 9. 0-0 Be6 10. Qa4 Bxc3 11. bxc3 dxc4 12. Bxc4 Bxc4 13. Qxc4 Qd5 14. Qf4 Ne4 15. Bb2 Rad8 16. Qxc7 f6 17. Qxa7 Qb5 18. Bc1 c5 19. a4 Qc6 20. Rb1 Ra8 21. Qe7 Rf7 22. Rb7 1-0

[Event "OP-2011-0-01647"]
[Site "LSS email"]
[Date "2011.07.08"]
[Round "?"]
[White "Alvarez Castillo, Hector Adrian"]
[Black "Carvalho Guimaraes, Joao Paulo"]
[Result "1-0"]
[WhiteElo "1991"]
[BlackElo "1113"]
[PlyCount "47"]
[EventDate "2011.07.04"]
[EventType "tourn (corr)"]
[EventRounds "4"]
[EventCountry "GER"]
[SourceTitle "Telechess CBM 151"]
[Source "ChessBase"]
[SourceDate "2012.11.13"]
[SourceVersion "1"]
[SourceVersionDate "2012.11.13"]
[SourceQuality "1"]

1. c4 e5 2. Nc3 Nf6 3. g3 Bb4 4. Bg2 0-0 5. e4 Bxc3 6. bxc3 d6 7. d4 exd4 8. cxd4 Nxe4 9. Be3 Re8 10. Ne2 Nd7 11. Rb1 Nb6 12. Qc1 d5 13. c5 Nc4 14. 0-0 b6 15. Rb3 h6 16. Nc3 Nxc3 17. Rxc3 Bf5 18. Re1 b5 19. a3 c6 20. h3 Qf6 21. Qd1 Re6 22. Kh2 Be4 23. Qg4 Rae8 24. Kg1 1-0

[Event "OP-2011-0-01647"]
[Site "LSS email"]
[Date "2011.07.08"]
[Round "?"]
[White "Schild, Reinhard"]
[Black "Carvalho Guimaraes, Joao Paulo"]
[Result "1-0"]
[WhiteElo "2014"]
[BlackElo "1113"]
[PlyCount "65"]
[EventDate "2011.07.04"]
[EventType "tourn (corr)"]
[EventRounds "4"]
[EventCountry "GER"]
[SourceTitle "Telechess CBM 151"]
[Source "ChessBase"]
[SourceDate "2012.11.13"]
[SourceVersion "1"]
[SourceVersionDate "2012.11.13"]
[SourceQuality "1"]

1. d4 Nf6 2. c4 e6 3. g3 c5 4. d5 exd5 5. cxd5 d6 6. Nc3 g6 7. Bg2 Bg7 8. Nf3 0-0 9. 0-0 a6 10. a4 Nbd7 11. Nd2 Re8 12. h3 Rb8 13. Nc4 Ne5 14. Na3 Nh5 15. e4 Bd7 16. a5 Qxa5 17. g4 Nf6 18. f4 Nexg4 19. hxg4 Nxg4 20. f5 Bd4+ 21. Kh1 Nf2+ 22. Rxf2 Bxf2 23. Bg5 Qb4 24. Qe2 Bg3 25. Rf1 Rf8 26. Nc4 f6 27. Bh6 g5 28. Qg4 Bh4 29. Nxd6 b5 30. Rg1 Qxb2 31. Qxh4 Qxc3 32. Qh2 Rb6 33. Bxf8 1-0

[Event "SN-2011-0-00355"]
[Site "LSS email"]
[Date "2011.06.27"]
[Round "?"]
[White "Trevis, Robert R"]
[Black "Carvalho Guimaraes, Joao Paulo"]
[Result "0-1"]
[WhiteElo "1023"]
[BlackElo "1119"]
[PlyCount "66"]
[EventDate "2011.06.15"]
[EventType "tourn (corr)"]
[EventRounds "6"]
[EventCountry "GER"]
[SourceTitle "Telechess CBM 157"]
[Source "ChessBase"]
[SourceDate "2013.11.12"]
[SourceVersion "1"]
[SourceVersionDate "2013.11.12"]
[SourceQuality "1"]

1. e4 c5 2. Nf3 d6 3. d4 cxd4 4. Nxd4 Nf6 5. Nc3 a6 6. Be2 e5 7. Nb3 Be7 8. Bg5 Be6 9. 0-0 0-0 10. Qd3 Nbd7 11. Rae1 Rc8 12. Bf3 Bc4 13. Qd2 Bxf1 14. Rxf1 h6 15. Bh4 Qc7 16. Re1 b5 17. Qd3 b4 18. Nd1 g5 19. Bg3 Qxc2 20. Qxa6 Ra8 21. Qb5 Rxa2 22. Qxb4 Rb8 23. Nd4 Qd3 24. Qc3 Qxd4 25. Qc2 Ra1 26. h4 g4 27. Be2 Rxb2 28. Qc8+ Kg7 29. Bd3 Qxd3 30. Nxb2 Rxe1+ 31. Kh2 Qf1 32. Bxe5 Qxf2 33. Bxf6+ Bxf6 0-1

[Event "OP-2011-0-01383"]
[Site "LSS email"]
[Date "2011.01.23"]
[Round "?"]
[White "Carvalho Guimaraes, Joao Paulo"]
[Black "Santos, Sebastiao"]
[Result "1/2-1/2"]
[WhiteElo "800"]
[BlackElo "1756"]
[PlyCount "58"]
[EventDate "2011.01.20"]
[EventType "tourn (corr)"]
[EventRounds "4"]
[EventCountry "GER"]
[SourceTitle "Telechess CBM 145"]
[Source "Chessbase"]
[SourceDate "2011.11.11"]
[SourceVersion "1"]
[SourceVersionDate "2011.11.11"]
[SourceQuality "1"]

1. d4 d5 2. c4 c6 3. Nc3 Nf6 4. Nf3 dxc4 5. a4 Bf5 6. Ne5 Nbd7 7. Nxc4 Qc7 8. g3 e5 9. dxe5 Nxe5 10. Bf4 Nfd7 11. Bg2 f6 12. 0-0 0-0-0 13. Nxe5 Nxe5 14. Qb3 Qf7 15. Qxf7 Nxf7 16. a5 a6 17. Na4 Ne5 18. Nb6+ Kc7 19. Nc4 Bd6 20. Nxd6 Rxd6 21. Rac1 Rd4 22. Rc5 Re8 23. f3 Kc8 24. e4 Bd7 25. Rb1 Rd3 26. Rc3 Rxc3 27. bxc3 Be6 28. Bxe5 fxe5 29. Kf2 g5 1/2-1/2